000 00702nam a22002177a 4500
003 UA-OsUOA
001 105117
007 ta
008 20140211b un ||||| |||| 00| 0 ukr d
100 _aЛук'янов В.С,
090 _a330(477)
_bЛ84
942 _cSA
040 _aUA-OsUOA
_bukr
_cUA-OsUOA
_dUA-OsUOA
245 _aГлобалізація національних фінансових систем: базові імперативи та антикризові механізми
300 _aС.60-68
955 _a0
041 _aukr
080 _a330(477)
773 0 _w105114
_tФінанси України
_dК.
_d2013
_g9
650 7 _a330 Економіка взагалі
_2UDC
999 _c391263
_d391263